| 000 | 00370 a2200157 4500 | ||
|---|---|---|---|
| 001 | 74741 | ||
| 020 | _a978853228327-9 | ||
| 040 | _cAnchieta - Colégio São Paulo | ||
| 100 | _aGiovanni Júnior, José | ||
| 240 | 1 | 0 |
_aA conquista da matemática _lpor |
| 245 | 1 | 0 | _aA conquista da matemática |
| 300 | _a384 | ||
| 362 | 0 | _a2012 | |
| 650 | 4 | _aMatemática | |
| 942 | _cBK | ||
| 999 |
_c74741 _d74741 |
||